Vplyv Euroázijskej hospodárskej únie na strategické rozvojové zámery obchodných vzťahov EÚ diplomová práca

Uložené v:
Podrobná bibliografia
Hlavný autor: Evaničová, Veronika
Korporativný autor: Obchodná fakulta EU. Katedra medzinárodného obchodu
Ďalší autori: Kašťáková, Elena, 1974-
Médium: Kniha
Jazyk:Slovak
Vydavateľské údaje: Bratislava 2017
Tagy: Pridať tag
Žiadne tagy, Buďte prvý, kto otaguje tento záznam!

MARC

LEADER 00000nbm a2200000 4500
001 0230608
005 20170927111239.0
041 0 |a slo 
044 |a SK 
245 1 0 |a Vplyv Euroázijskej hospodárskej únie na strategické rozvojové zámery obchodných vzťahov EÚ  |b diplomová práca  |c Veronika Evaničová ; školiteľ: Elena Kašťáková 
264 1 |a Bratislava  |c 2017 
300 |a 84 s. 
100 1 |a Evaničová, Veronika 
700 1 |a Kašťáková, Elena, 1974- 
710 2 |a Obchodná fakulta EU. Katedra medzinárodného obchodu